American higher education : (Record no. 14574)

000 -LEADER
fixed length control field 00538cam a2200181 i 4500
020 ## - INTERNATIONAL STANDARD BOOK NUMBER
ISBN 9781138888135 (hardback)
020 ## - INTERNATIONAL STANDARD BOOK NUMBER
ISBN 9781138888142 (pbk.)
020 ## - INTERNATIONAL STANDARD BOOK NUMBER
ISBN 9781315713649 (master ebook)
020 ## - INTERNATIONAL STANDARD BOOK NUMBER
ISBN 9781317498605 (mobipocket/kindle)
040 ## - CATALOGING SOURCE
Transcribing agency DLC
082 00 - DEWEY DECIMAL CLASSIFICATION NUMBER
Classification number 378 378 MCG 1985 A069 Co.
100 1# - MAIN ENTRY--AUTHOR NAME
Personal name Thelin, John R.,
245 10 - TITLE STATEMENT
Title American higher education :
Remainder of title issues and institutions /
300 ## - PHYSICAL DESCRIPTION
Number of Pages xiv, 365 pages ;
Dimensions 25 cm.
490 0# - SERIES STATEMENT
Series statement Core concepts in higher education
650 #0 - SUBJECT ADDED ENTRY--TOPICAL TERM
Topical Term Education, Higher
942 ## - ADDED ENTRY ELEMENTS (KOHA)
Koha item type សៀវភៅភាសាអង់គ្លេស
952 ## - LOCATION AND ITEM INFORMATION (KOHA)
Withdrawn status [LOCAL, KOHA] 0
Holdings
Permanent Location Date acquired Koha item type Lost status Shelving location Barcode Current Location Full call number
Library Block A2017-10-19សៀវភៅភាសាអង់គ្លេស A069A08446Library Block A378 378 MCG 1985 A069 Co.
មជ្ឈមណ្ឌលឯការនៃសាកលវិទ្យាល័យភូមិន្ទកសិកម្មចំការដូង

Powered by Koha